| 000 | 00714nam a2200229 i 4500 | ||
|---|---|---|---|
| 001 | 133673 | ||
| 003 | ES-MaACL | ||
| 005 | 20250824225844.0 | ||
| 007 | t| | ||
| 008 | 070824s1947 sp ||||1| spa d | ||
| 080 | _a85-94"19"=6 | ||
| 100 | 1 |
_aMalaparte, Curzio. _975687 |
|
| 245 | 1 | 0 |
_aKaputt / _cCurzio Malaparte [seud.] ; [traducción del italiano por R. Coll Robert]. |
| 250 | _a1ª ed. | ||
| 260 |
_a[Barcelona : _bs.n.], _c1947 ( _fIndustrial Gráf. D.E.F. y Cª) |
||
| 300 |
_a382 p. ; _c21 cm. |
||
| 490 | 1 | _aLos libros de nuestro tiempo | |
| 700 | 1 |
_aColl Robert, R. _939629 |
|
| 830 | 1 | 4 |
_aLos libros de nuestro tiempo _9181112 |
| 852 |
_aES-MaACL _jC-4294 |
||
| 999 |
_c133673 _d133673 |
||